Logo Biblioteca

Los autonautas de la cosmopista : (Registro nro. 425)

Detalles MARC
000 -LEADER
fixed length control field 00661nam a22001937a 4500
003 - CONTROL NUMBER IDENTIFIER
control field OSt
005 - DATE AND TIME OF LATEST TRANSACTION
control field 20250207093948.0
008 - FIXED-LENGTH DATA ELEMENTS--GENERAL INFORMATION
fixed length control field 250204s2011 ag ||||| |||| 00| 0 spa d
020 ## - INTERNATIONAL STANDARD BOOK NUMBER
International Standard Book Number 9789870421344
040 ## - CATALOGING SOURCE
Transcribing agency besoc
100 ## - MAIN ENTRY--PERSONAL NAME
Personal name Cortázar, Julio,
Dates associated with a name 1914-1984
Relator term autor
245 13 - TITLE STATEMENT
Title Los autonautas de la cosmopista :
Remainder of title o Un viaje atemporal París Marsella /
Statement of responsibility, etc. Julio Cortázar, Carol Dunlop ; dibujos de Stéphane Hébert
260 ## - PUBLICATION, DISTRIBUTION, ETC.
Place of publication, distribution, etc. Buenos Aires :
Name of publisher, distributor, etc. Alfaguara,
Date of publication, distribution, etc. 2011
300 ## - PHYSICAL DESCRIPTION
Extent 440 p.
654 #4 - SUBJECT ADDED ENTRY--FACETED TOPICAL TERMS
Focus term Literatura argentina
Form subdivision Crónicas
Chronological subdivision Siglo XX
700 1# - ADDED ENTRY--PERSONAL NAME
Personal name Dunlop, Carol,
Dates associated with a name 1946-1982
700 1# - ADDED ENTRY--PERSONAL NAME
Personal name Hébert, Stéphane,
Dates associated with a name 1967-,
Relator term ilustrador
942 ## - ADDED ENTRY ELEMENTS (KOHA)
Source of classification or shelving scheme Universal Decimal Classification
Koha item type Obra General
Suppress in OPAC No
Existencias
Withdrawn status Lost status Source of classification or shelving scheme Damaged status Not for loan Collection Home library Current library Date acquired Total checkouts Full call number Barcode Date last seen Price effective from Koha item type
    Universal Decimal Classification     Colección General Biblioteca Escuela de Ciencias Sociales Biblioteca Escuela de Ciencias Sociales 04/02/2025   82-9(82) C827 001339 04/02/2025 04/02/2025 Obra General
Biblioteca de la Escuela Preuniversitaria en Ciencias Sociales y Humanísticas.
Riobamba 250 bis.
CP 2000 - Rosario - Santa Fe
E-Mail: biblioteca@esociales.unr.edu.ar